[Event "XVII Festival A"]
[Site "Trieste ITA"]
[Date "2015.09.03"]
[Round "8"]
[White "Gavrish, Leonid"]
[Black "Plenca, Jadranko"]
[Result "0-1"]
[WhiteElo "2140"]
[BlackElo "2369"]
[PlyCount "82"]
[EventDate "2015.08.29"]

1. d4 Nf6 2. c4 e6 3. Nc3 Bb4 4. e3 O-O 5. Bd3 d5 6. cxd5 exd5 7. Nge2 Re8 8.
O-O Bd6 9. Nf4 Bxf4 10. exf4 Nc6 11. Ne2 Ne4 12. a3 Bf5 13. g4 Bxg4 14. f3 Bh3
15. fxe4 Bxf1 16. Kxf1 dxe4 17. Bb5 Qh4 18. Bxc6 bxc6 19. Qb3 Qxh2 20. Qg3 Qh1+
21. Ng1 Rab8 22. b4 a5 23. Ra2 Qh5 24. Ke1 axb4 25. Rg2 g6 26. Qg5 Qxg5 27.
Rxg5 bxa3 28. Ra5 Ra8 29. Rxa3 Rxa3 30. Bxa3 Ra8 31. Bc1 Ra2 32. Bd2 f5 33. Nh3
h6 34. Nf2 Kf7 35. Nh3 Ra3 36. Ng1 g5 37. fxg5 hxg5 38. Ne2 f4 39. Nxf4 gxf4
40. Bxf4 Ra2 41. Bxc7 Ke6 0-1

[Event "XVII Festival A"]
[Site "Trieste ITA"]
[Date "2015.09.03"]
[Round "8"]
[White "Pescatore, Lorenzo"]
[Black "Ostovic, Matija"]
[Result "1/2-1/2"]
[WhiteElo "2279"]
[BlackElo "2322"]
[PlyCount "62"]
[EventDate "2015.08.29"]

1. e4 d6 2. d4 Nf6 3. Nc3 e5 4. Nf3 Nbd7 5. g4 h6 6. g5 hxg5 7. Nxg5 c6 8. Bc4
d5 9. exd5 Nxd5 10. Nxd5 cxd5 11. Qf3 Qe7 12. Qxd5 f6 13. Ne6 exd4 14. Kd1 Nb6
15. Bb5+ Bd7 16. Bxd7+ Qxd7 17. Qxd7+ Kxd7 18. Nxd4 Bc5 19. Be3 Nc4 20. Ke2
Rae8 21. Rad1 Nxe3 22. fxe3 Rh3 23. Nf3+ Kc7 24. Rd3 g5 25. Rg1 Bd6 26. Rg2
Reh8 27. e4 Bxh2 28. e5 Bxe5 29. Nxe5 fxe5 30. Rxh3 Rxh3 31. Rxg5 Kd6 1/2-1/2

[Event "XVII Festival A"]
[Site "Trieste ITA"]
[Date "2015.09.03"]
[Round "8"]
[White "Di Paolo, Raffaele"]
[Black "McPhillips, Joseph"]
[Result "0-1"]
[WhiteElo "2279"]
[BlackElo "2191"]
[PlyCount "130"]
[EventDate "2015.08.29"]

1. e4 e6 2. d4 d5 3. Nd2 Nf6 4. e5 Nfd7 5. Bd3 c5 6. c3 Nc6 7. Ne2 cxd4 8. cxd4
f6 9. exf6 Nxf6 10. O-O Bd6 11. Nf3 Qc7 12. Bg5 O-O 13. Bh4 Nh5 14. Qc2 h6 15.
Bh7+ Kh8 16. Bg6 Rxf3 17. Bxh5 Bxh2+ 18. Kh1 Rf5 19. Bg6 Bd6 20. Bxf5 exf5 21.
Rae1 Qf7 22. Bg3 Bb4 23. Rd1 Bd7 24. Kg1 Re8 25. a3 Ba5 26. b4 Bb6 27. Be5 f4
28. Qd2 Nxe5 29. dxe5 Rxe5 30. Qxf4 Rf5 31. Qb8+ Kh7 32. Nd4 Rf4 33. Nf3 Rxf3
34. gxf3 Qxf3 35. Qe5 Bf5 36. Qh2 Bh3 37. Rc1 Qg4+ 38. Kh1 Qf3+ 39. Kg1 Bxf1
40. Rxf1 Qxa3 41. Qf4 Qd3 42. Re1 Qg6+ 43. Kf1 Qd3+ 44. Kg1 Bd8 45. Re6 Bf6 46.
Rd6 Qg6+ 47. Kf1 Qh5 48. Qd2 Qh4 49. Ke2 Qe4+ 50. Qe3 Qc2+ 51. Qd2 Qxd2+ 52.
Kxd2 Be7 53. Rd7 Bxb4+ 54. Ke2 a5 55. Rxb7 d4 56. f4 Kg6 57. Kd3 Bc3 58. Ke4 h5
59. Rb6+ Kh7 60. Rb5 h4 61. Rh5+ Kg8 62. Kd3 a4 63. Kc2 Be1 64. Kd1 Bg3 65. Rd5
h3 0-1

[Event "XVII Festival A"]
[Site "Trieste ITA"]
[Date "2015.09.03"]
[Round "8"]
[White "Montilli, Vincenzo"]
[Black "Lodici, Lorenzo"]
[Result "0-1"]
[WhiteElo "2165"]
[BlackElo "2348"]
[PlyCount "100"]
[EventDate "2015.08.29"]

1. Nf3 f5 2. c4 Nf6 3. g3 g6 4. Bg2 Bg7 5. O-O d6 6. d4 O-O 7. Nc3 c6 8. Qc2
Kh8 9. Re1 Na6 10. a3 Nc7 11. b4 Nh5 12. Bb2 e5 13. dxe5 dxe5 14. e4 f4 15. Nb1
Qe7 16. c5 Bg4 17. Nbd2 Rad8 18. Rab1 Nb5 19. a4 Nd4 20. Bxd4 exd4 21. Qd3 Nf6
22. b5 Nd7 23. bxc6 bxc6 24. Rec1 fxg3 25. hxg3 Qf6 26. Qf1 Bh6 27. Rc2 d3 28.
Qxd3 Ne5 29. Qc3 Bxd2 30. Nxd2 Rd3 31. Qb2 Qxf2+ 32. Kh1 Qxg3 33. Nc4 Re8 34.
Nxe5 Rxe5 35. Rf1 Kg7 36. Qb7+ Kh6 37. Qf7 Rh5+ 38. Kg1 Qh2+ 39. Kf2 Qg3+ 40.
Kg1 Qh2+ 41. Kf2 Rf3+ 42. Qxf3 Bxf3 43. Kxf3 Rh4 44. Ke3 Qg3+ 45. Kd4 Qb3 46.
Rff2 Qxa4+ 47. Ke5 Rh5+ 48. Kd6 Qd4+ 49. Kxc6 Rxc5+ 50. Rxc5 Qxf2 0-1

[Event "XVII Festival A"]
[Site "Trieste ITA"]
[Date "2015.09.03"]
[Round "8"]
[White "Tabernig, Bernhard"]
[Black "Hrescak, Ivana"]
[Result "1-0"]
[WhiteElo "2327"]
[BlackElo "1993"]
[PlyCount "79"]
[EventDate "2015.08.29"]

1. d4 Nf6 2. c4 g6 3. Nc3 Bg7 4. e4 d6 5. Nf3 O-O 6. Be2 e5 7. O-O Nc6 8. d5
Ne7 9. Ne1 Nd7 10. Nd3 f5 11. Bd2 Nf6 12. f3 f4 13. c5 g5 14. Rc1 h5 15. Nb5
Ne8 16. Ba5 b6 17. cxd6 cxd6 18. Be1 Bd7 19. a4 a5 20. Bf2 Bxb5 21. axb5 Nf6
22. b4 a4 23. Nb2 a3 24. Nc4 Nc8 25. Ra1 a2 26. Qb3 g4 27. Rxa2 Rxa2 28. Qxa2
gxf3 29. gxf3 Nxe4 30. fxe4 f3 31. Be3 fxe2 32. Rxf8+ Bxf8 33. Qxe2 Qe7 34.
Qg2+ Bg7 35. Nd2 Na7 36. Qg6 Kf8 37. Nf3 Qd7 38. Ng5 Qg4+ 39. Kf2 Nxb5 40. Qf7#
1-0

[Event "XVII Festival A"]
[Site "Trieste ITA"]
[Date "2015.09.03"]
[Round "8"]
[White "Doric, Nenad"]
[Black "Horton, Andrew P."]
[Result "1/2-1/2"]
[WhiteElo "2298"]
[BlackElo "2278"]
[PlyCount "72"]
[EventDate "2015.08.29"]

1. d4 Nf6 2. c4 e6 3. Nc3 Bb4 4. e3 b6 5. Nge2 Ba6 6. Qa4 c5 7. a3 Bxc3+ 8.
Nxc3 O-O 9. dxc5 bxc5 10. Be2 Bb7 11. O-O Qe7 12. b4 d6 13. Bb2 Nbd7 14. Rfd1
Rfd8 15. Rd2 a6 16. Rad1 Ne8 17. Qc2 cxb4 18. axb4 Rac8 19. Bf1 Ndf6 20. Qa4
Qc7 21. h3 Ra8 22. Ra1 Nd7 23. Qa5 Rdc8 24. Qxc7 Rxc7 25. Na4 Bc6 26. b5 axb5
27. cxb5 Bb7 28. b6 Rcc8 29. Bb5 Rd8 30. Rc1 Kf8 31. Rc7 Nxc7 32. bxc7 Rdc8 33.
Bxd7 Rxc7 34. Bb5 Ra5 35. Ba3 Rxb5 36. Bxd6+ Re7 1/2-1/2

[Event "XVII Festival A"]
[Site "Trieste ITA"]
[Date "2015.09.03"]
[Round "8"]
[White "Jacob, Volker"]
[Black "Monjac, Mislav"]
[Result "1-0"]
[WhiteElo "2269"]
[BlackElo "2222"]
[PlyCount "77"]
[EventDate "2015.08.29"]

1. d4 Nf6 2. c4 e6 3. Nc3 Bb4 4. f3 c5 5. d5 d6 6. e4 Qe7 7. Nge2 Nbd7 8. a3
Ba5 9. Rb1 O-O 10. b4 Bb6 11. Na4 Bc7 12. Nec3 exd5 13. cxd5 cxb4 14. axb4 Nb6
15. Be3 Nxa4 16. Qxa4 Qe5 17. Qb3 a5 18. Nb5 axb4 19. Bd4 Qe7 20. Nxc7 Qxc7 21.
Be2 Bd7 22. Qxb4 Ra2 23. Kf2 Qd8 24. Rhd1 Nxe4+ 25. fxe4 Qh4+ 26. Kf1 f5 27. e5
f4 28. Rb2 Ra4 29. Qe1 Qxh2 30. Bf3 Qh1+ 31. Ke2 Qxe1+ 32. Kxe1 dxe5 33. Bc5
Re8 34. Rxb7 Bf5 35. d6 e4 36. Be2 Rc8 37. d7 Bxd7 38. Rdxd7 Rxc5 39. Rd8# 1-0

[Event "XVII Festival A"]
[Site "Trieste ITA"]
[Date "2015.09.03"]
[Round "8"]
[White "Zuttioni, Federico"]
[Black "Henrich, Thomas"]
[Result "0-1"]
[WhiteElo "2145"]
[BlackElo "2177"]
[PlyCount "114"]
[EventDate "2015.08.29"]

1. Nf3 Nc6 2. e4 e5 3. Bc4 Bc5 4. c3 Nf6 5. d3 d6 6. Bb3 a6 7. O-O Ba7 8. Be3
O-O 9. Nbd2 Qe7 10. a4 h6 11. h3 Be6 12. a5 Bxe3 13. fxe3 d5 14. exd5 Nxd5 15.
Qe1 Rad8 16. Ra4 Nf6 17. Bc2 Rd5 18. b4 Bc8 19. Qh4 Rfd8 20. Ne1 Be6 21. Kh1 e4
22. Nxe4 Nxe4 23. Qxe4 Re5 24. Qf3 Rf5 25. Qe2 Rxf1+ 26. Qxf1 Bd7 27. e4 Nd4
28. Ra1 Nb5 29. c4 Nd4 30. Rb1 Nc6 31. c5 Nd4 32. Rd1 Bb5 33. Rd2 Nc6 34. Rf2
Nxb4 35. Bb3 Be8 36. Bc4 Qxc5 37. Rf5 Qe7 38. Nf3 Nc6 39. Qb1 g6 40. Rd5 Rxd5
41. Bxd5 Nxa5 42. Bxb7 Bb5 43. Bd5 c6 44. Ba2 Nb7 45. d4 Nd6 46. Qb4 Kf8 47.
Qd2 Kg7 48. Qb4 Nf5 49. Qe1 Qxe4 50. Qa1 Qe2 51. d5+ f6 52. Bb3 Ne3 53. Nh4 g5
54. Qa3 Qe1+ 55. Kh2 Nf1+ 56. Kg1 Ng3+ 57. Kh2 gxh4 0-1

[Event "XVII Festival A"]
[Site "Trieste ITA"]
[Date "2015.09.05"]
[Round "9"]
[White "Vovk, Andrey"]
[Black "David, Alberto"]
[Result "1/2-1/2"]
[WhiteElo "2606"]
[BlackElo "2584"]
[PlyCount "48"]
[EventDate "2015.08.29"]

1. e4 c5 2. Nf3 a6 3. Nc3 e6 4. d4 cxd4 5. Nxd4 Qc7 6. Bd3 Nf6 7. f4 d6 8. Qf3
Nbd7 9. g4 Nc5 10. g5 Nfd7 11. Bd2 g6 12. f5 Ne5 13. Qe2 Bg7 14. f6 Bf8 15.
O-O-O b5 16. a3 Rb8 17. Kb1 Qb6 18. Nf3 Ncxd3 19. cxd3 Nxf3 20. Qxf3 b4 21. Be3
Qa5 22. axb4 Qxb4 23. Qe2 Qxc3 24. Ba7 Qc7 1/2-1/2

[Event "XVII Festival A"]
[Site "Trieste ITA"]
[Date "2015.09.05"]
[Round "9"]
[White "Bosiocic, Marin"]
[Black "Werle, Jan"]
[Result "1-0"]
[WhiteElo "2552"]
[BlackElo "2525"]
[PlyCount "109"]
[EventDate "2015.08.29"]

1. e4 c5 2. Nf3 d6 3. d4 cxd4 4. Nxd4 Nf6 5. Nc3 Nc6 6. Bg5 e6 7. Qd2 Be7 8.
O-O-O Nxd4 9. Qxd4 O-O 10. f4 Qa5 11. Kb1 h6 12. h4 Rd8 13. Bd3 Qc5 14. Bxf6
gxf6 15. Qa4 Bd7 16. Bb5 Bxb5 17. Qxb5 Qxb5 18. Nxb5 a6 19. Nc3 Rac8 20. Rh3
Kh7 21. Rf3 Rc5 22. f5 b5 23. Rd4 Rg8 24. b4 Re5 25. g3 Rg4 26. Rfd3 h5 27. Kb2
exf5 28. exf5 Rxd4 29. Rxd4 Rxf5 30. Nd5 Bd8 31. Rd3 Re5 32. a4 f5 33. a5 Re1
34. Kc3 Rf1 35. Kd2 Rf2+ 36. Kd1 f4 37. Nxf4 Bf6 38. Nxh5 Be5 39. Nf4 Bxf4 40.
gxf4 Rxf4 41. c3 Rf6 42. Kc2 Kg6 43. Kb3 Re6 44. c4 bxc4+ 45. Kxc4 f5 46. Rd4
Kf6 47. b5 axb5+ 48. Kxb5 Ke5 49. Ra4 f4 50. a6 f3 51. a7 f2 52. Ra1 Re8 53.
Rf1 d5 54. Rxf2 Kd4 55. Ra2 1-0

[Event "XVII Festival A"]
[Site "Trieste ITA"]
[Date "2015.09.05"]
[Round "9"]
[White "Maiorov, Nikita"]
[Black "Pap, Gyula"]
[Result "1/2-1/2"]
[WhiteElo "2552"]
[BlackElo "2536"]
[PlyCount "103"]
[EventDate "2015.08.29"]

1. d4 Nf6 2. c4 e6 3. Nf3 Bb4+ 4. Nbd2 O-O 5. e3 b6 6. Bd3 Bb7 7. O-O d5 8. b3
c5 9. Bb2 Nc6 10. cxd5 Qxd5 11. Bc4 Qd8 12. dxc5 Bxc5 13. Qb1 Ne7 14. Rd1 Ng6
15. Ne4 Qe7 16. Nxf6+ gxf6 17. Qc2 Ba3 18. Bxa3 Qxa3 19. Nd4 a6 20. Qc1 Qa5 21.
f3 Rfd8 22. Qb2 Qe5 23. Qf2 b5 24. Be2 f5 25. b4 f4 26. e4 a5 27. bxa5 Rxa5 28.
Nb3 Rxd1+ 29. Bxd1 Ra6 30. Rc1 Bc6 31. Nc5 Ra8 32. Bb3 Be8 33. Nd3 Qd6 34. Rd1
Qc7 35. g3 fxg3 36. hxg3 Rd8 37. Kg2 Qc3 38. Qc2 Qxc2+ 39. Bxc2 Kg7 40. Kf2 Rc8
41. Bb3 e5 42. Nb4 Ne7 43. Rd6 Nc6 44. Nd5 Nd4 45. Nf6 Kf8 46. Ng4 Rc3 47. Nxe5
Nxb3 48. axb3 Rxb3 49. Nd3 Ke7 50. Rd4 f6 51. Ke3 Bf7 52. Kf4 1/2-1/2

[Event "XVII Festival A"]
[Site "Trieste ITA"]
[Date "2015.09.05"]
[Round "9"]
[White "Mazi, Leon"]
[Black "Moroni, Luca Jr"]
[Result "1-0"]
[WhiteElo "2405"]
[BlackElo "2461"]
[PlyCount "79"]
[EventDate "2015.08.29"]

1. e4 e6 2. d4 d5 3. Nc3 Nc6 4. Nf3 Nf6 5. e5 Ne4 6. Ne2 f6 7. Ng3 f5 8. c3 Ne7
9. Be2 c5 10. dxc5 Nc6 11. Be3 Nxc5 12. O-O Be7 13. c4 O-O 14. cxd5 exd5 15.
Nh5 Ne6 16. Nf4 Nxf4 17. Bxf4 g5 18. Bc1 f4 19. h3 Be6 20. b3 Qe8 21. Bb2 Qg6
22. Nd4 Nxd4 23. Bxd4 b6 24. Bh5 Qf5 25. Rc1 Rac8 26. Qd2 Rfd8 27. Qb2 Qf8 28.
Qe2 Rxc1 29. Rxc1 Rc8 30. Rd1 Qf5 31. Qa6 Rc7 32. Qb5 Kg7 33. Bf3 Qc2 34. Qe8
Qc6 35. Qh5 Rc8 36. Bg4 Qd7 37. Bf5 Rh8 38. Rc1 Bd8 39. Bxe6 Qxe6 40. Rc6 1-0

[Event "XVII Festival A"]
[Site "Trieste ITA"]
[Date "2015.09.05"]
[Round "9"]
[White "Plenca, Jadranko"]
[Black "Baklan, Vladimir"]
[Result "0-1"]
[WhiteElo "2369"]
[BlackElo "2608"]
[PlyCount "112"]
[EventDate "2015.08.29"]

1. e4 c5 2. Nf3 d6 3. Bb5+ Nd7 4. O-O a6 5. Bd3 Ngf6 6. c3 e6 7. Bc2 b5 8. a4
Bb7 9. Re1 Be7 10. axb5 axb5 11. Rxa8 Qxa8 12. Qe2 b4 13. d4 bxc3 14. bxc3 cxd4
15. cxd4 O-O 16. Bg5 Rc8 17. Bd3 h6 18. Bh4 Qa7 19. h3 Nf8 20. e5 dxe5 21. dxe5
Nd5 22. Bxe7 Nxe7 23. Nbd2 Nd5 24. Qe4 Ng6 25. Qd4 Qxd4 26. Nxd4 Nde7 27. Be4
Bxe4 28. Rxe4 Rc1+ 29. Kh2 Rd1 30. N2f3 Nd5 31. g3 Rb1 32. Re2 Nge7 33. Rc2 g5
34. Kg2 Kg7 35. Nc6 Nxc6 36. Rxc6 Rb2 37. Kg1 Kg6 38. Rc4 Kf5 39. Kf1 Ra2 40.
Kg1 Rb2 41. Kf1 Rb4 42. Nd4+ Ke4 43. f3+ Kd3 44. Rxb4 Nxb4 45. Nb5 Ke3 46. Nd6
Kxf3 47. g4 Kg3 48. Ke2 Nc6 49. Nxf7 Kxh3 50. Kf3 Kh4 51. Nxh6 Nxe5+ 52. Ke4
Nd7 53. Kf3 Ne5+ 54. Ke4 Nxg4 55. Nf7 Nf2+ 56. Ke5 g4 0-1

[Event "XVII Festival A"]
[Site "Trieste ITA"]
[Date "2015.09.05"]
[Round "9"]
[White "Mikalsen, Erlend"]
[Black "Urkedal, Frode"]
[Result "1-0"]
[WhiteElo "2350"]
[BlackElo "2509"]
[PlyCount "119"]
[EventDate "2015.08.29"]

1. e4 e6 2. d4 d5 3. Nc3 Nf6 4. Bg5 Bb4 5. e5 h6 6. Bd2 Bxc3 7. bxc3 Ne4 8. Qg4
g6 9. Qf4 c5 10. Bd3 g5 11. Qe3 Nxd2 12. Qxd2 Nc6 13. h4 g4 14. Be2 Qa5 15.
Bxg4 cxd4 16. cxd4 Qxd2+ 17. Kxd2 Nxd4 18. Ne2 Nc6 19. f4 b6 20. Bh5 Ba6 21. g4
Rc8 22. c3 Ke7 23. Rac1 Na5 24. Nd4 Nc4+ 25. Kc2 Rc5 26. Nb3 Rc7 27. Rh3 Bb5
28. Re1 Bd7 29. Nd4 Ba4+ 30. Kc1 Na5 31. f5 Nc6 32. f6+ Kd7 33. Nxc6 Kxc6 34.
g5 hxg5 35. hxg5 Kb7 36. Kd2 Be8 37. Bxf7 Rxh3 38. Bxe8 Rcxc3 39. Re2 Ra3 40.
Kc1 Rh8 41. Bf7 Rc8+ 42. Kb2 Ra5 43. Rc2 Rb5+ 44. Kc1 Rh8 45. Bxe6 d4 46. f7
Rxe5 47. Rc8 Rh2 48. Bg4 Re1+ 49. Bd1 Kxc8 50. f8=Q+ Kd7 51. Qf7+ Kc6 52. Qc4+
Kb7 53. Qxd4 Rhh1 54. g6 Rhg1 55. Qd7+ Kb8 56. Kc2 Rxd1 57. Qxd1 Rxg6 58. Qd8+
Kb7 59. Qd7+ Ka8 60. Qc8# 1-0

[Event "XVII Festival A"]
[Site "Trieste ITA"]
[Date "2015.09.05"]
[Round "9"]
[White "Jovanic, Ognjen"]
[Black "Hendriks, Willy"]
[Result "0-1"]
[WhiteElo "2459"]
[BlackElo "2384"]
[PlyCount "72"]
[EventDate "2015.08.29"]

1. d4 c5 2. d5 e6 3. c4 exd5 4. cxd5 d6 5. Nc3 a6 6. a4 g6 7. e4 Bg7 8. Bd3 Ne7
9. Nge2 Nd7 10. Bc2 O-O 11. O-O Qc7 12. Bg5 f6 13. Bc1 f5 14. Nf4 Ne5 15. exf5
Nxf5 16. Ne6 Bxe6 17. dxe6 Rae8 18. Re1 Nd4 19. Be4 Nxe6 20. Bd5 Kh8 21. Bxe6
Rxe6 22. f4 Qe7 23. fxe5 Bxe5 24. Kh1 Qh4 25. Rxe5 Rxe5 26. g3 Qe7 27. Bf4 Re6
28. Qd2 Rf5 29. h4 Qd7 30. Rd1 Qc6+ 31. Qg2 Qd7 32. Kh2 Qe7 33. Rd2 Rxf4 34.
Nd5 Rxh4+ 35. Kg1 Re1+ 36. Kf2 Rd4 0-1

[Event "XVII Festival A"]
[Site "Trieste ITA"]
[Date "2015.09.05"]
[Round "9"]
[White "McPhillips, Joseph"]
[Black "Codenotti, Marco"]
[Result "0-1"]
[WhiteElo "2191"]
[BlackElo "2424"]
[PlyCount "104"]
[EventDate "2015.08.29"]

1. e4 c5 2. Nf3 d6 3. d4 cxd4 4. Nxd4 Nf6 5. Nc3 a6 6. Be2 e5 7. Nb3 Be7 8. O-O
O-O 9. Kh1 b6 10. Be3 Bb7 11. f3 b5 12. a4 b4 13. Nd5 Nxd5 14. exd5 Nd7 15. c4
bxc3 16. bxc3 Bg5 17. Bf2 Qc7 18. c4 Rab8 19. Bd3 Ba8 20. Rb1 Rb4 21. Qc2 g6
22. Be1 Rb7 23. Ba5 Qc8 24. Bd2 Bxd2 25. Qxd2 Qc7 26. Qa5 Qxa5 27. Nxa5 Rb6 28.
Rxb6 Nxb6 29. Ra1 Rc8 30. g4 Kg7 31. Kg1 f5 32. gxf5 gxf5 33. Bxf5 Rc5 34. Rb1
Nxd5 35. Nb7 Rxc4 36. Nxd6 Rxa4 37. Rb8 Bc6 38. Be4 Ne7 39. Bxc6 Nxc6 40. Rb7+
Kg6 41. Rb6 Nd4 42. Ne4+ Kh5 43. Nf6+ Kh4 44. Kf2 Ra3 45. Nxh7 Rxf3+ 46. Kg2
Ra3 47. Rh6+ Kg4 48. h3+ Kf4 49. h4 e4 50. Nf6 a5 51. Rh5 e3 52. Nd5+ Ke4 0-1

[Event "XVII Festival A"]
[Site "Trieste ITA"]
[Date "2015.09.05"]
[Round "9"]
[White "Korpa, Bence"]
[Black "Pescatore, Lorenzo"]
[Result "1-0"]
[WhiteElo "2433"]
[BlackElo "2279"]
[PlyCount "103"]
[EventDate "2015.08.29"]

1. Nf3 c5 2. c4 g6 3. d4 cxd4 4. Nxd4 Nc6 5. e4 Nf6 6. Nc3 d6 7. Be2 Nxd4 8.
Qxd4 Bg7 9. Be3 O-O 10. Qd2 Be6 11. f3 Qa5 12. Rc1 Rfc8 13. b3 a6 14. Na4 Qxd2+
15. Kxd2 Nd7 16. g4 Rcb8 17. Nc3 b5 18. Nd5 Bxd5 19. cxd5 Nc5 20. b4 Na4 21.
Rc7 a5 22. Rb1 axb4 23. Rxb4 Nc5 24. Bxc5 dxc5 25. Rxc5 Rxa2+ 26. Ke3 g5 27.
Rbxb5 Ra3+ 28. Kd2 Ra2+ 29. Kd3 Rba8 30. Bd1 Be5 31. h3 Bf4 32. Bb3 Rf2 33. d6
exd6 34. Rc7 d5 35. Rd7 Rc8 36. exd5 Rd2+ 37. Ke4 Re8+ 38. Kf5 Rde2 39. d6 Kh8
40. Kf6 Rf8 41. Bxf7 Re3 42. Rf5 Re2 43. h4 Bc1 44. h5 Bf4 45. Rxg5 Bxg5+ 46.
Kxg5 Re3 47. f4 Re4 48. Re7 h6+ 49. Kf5 Rd4 50. d7 Kg7 51. Ke5 Rd1 52. Bb3+ 1-0

[Event "XVII Festival A"]
[Site "Trieste ITA"]
[Date "2015.09.05"]
[Round "9"]
[White "Lodici, Lorenzo"]
[Black "Jacob, Volker"]
[Result "1/2-1/2"]
[WhiteElo "2348"]
[BlackElo "2269"]
[PlyCount "130"]
[EventDate "2015.08.29"]

1. d4 c5 2. d5 g6 3. c4 Bg7 4. e4 d6 5. Nc3 a6 6. f4 e6 7. a4 Ne7 8. Nf3 O-O 9.
Be2 exd5 10. cxd5 Bg4 11. O-O Nd7 12. Nd2 Bxe2 13. Qxe2 Qc7 14. Nc4 Rae8 15.
Qf3 Qb8 16. g4 f5 17. exf5 gxf5 18. g5 b5 19. axb5 axb5 20. Nxb5 Qxb5 21. Nxd6
Qb4 22. Nxe8 Rxe8 23. Be3 Nc8 24. Bf2 Nd6 25. Ra7 Nf8 26. Qa3 Qxf4 27. Qg3
Qxg3+ 28. Bxg3 Ne4 29. Rxf5 Nxg3 30. hxg3 Bxb2 31. Rc7 Be5 32. Rc6 Bxg3 33.
Rxc5 Ng6 34. Rc3 Re1+ 35. Rf1 Bh2+ 36. Kf2 Re5 37. Rd1 Rxg5 38. d6 Nf8 39. Rc8
Bxd6 40. Rxd6 Rg7 41. Kf3 Rf7+ 42. Kg4 Kg7 43. Rdc6 Ng6 44. R6c7 Ne5+ 45. Kh5
Kf6 46. Rxf7+ Nxf7 47. Rc6+ Kf5 48. Ra6 Ne5 49. Kh6 Nf7+ 50. Kxh7 Ne5 51. Kg7
Ke4 52. Kf6 Nd7+ 53. Ke7 Ne5 54. Ke6 Nf3 55. Ra4+ Nd4+ 56. Kd6 Kd3 57. Kd5 Nb5
58. Rh4 Nc3+ 59. Ke5 Ne2 60. Rh3+ Kc4 61. Re3 Nc3 62. Rh3 Ne2 63. Rh8 Kd3 64.
Rd8+ Ke3 65. Kd5 Kd3 1/2-1/2

[Event "XVII Festival A"]
[Site "Trieste ITA"]
[Date "2015.09.05"]
[Round "9"]
[White "Ostovic, Matija"]
[Black "Tabernig, Bernhard"]
[Result "1-0"]
[WhiteElo "2322"]
[BlackElo "2327"]
[PlyCount "65"]
[EventDate "2015.08.29"]

1. Nf3 Nf6 2. c4 e6 3. d4 Bb4+ 4. Nbd2 b6 5. e3 Bb7 6. Bd3 Ne4 7. O-O f5 8. Qc2
Bxd2 9. Nxd2 Qh4 10. f3 Ng5 11. d5 Na6 12. f4 Nb4 13. Qc3 Nxd3 14. Qxd3 Ne4 15.
Nxe4 fxe4 16. Qxe4 O-O-O 17. Qd4 exd5 18. cxd5 c6 19. Bd2 Rhf8 20. e4 Rf6 21.
f5 cxd5 22. Bf4 d6 23. e5 Rxf5 24. exd6 Qf6 25. Rac1+ Kb8 26. d7+ Ka8 27. Qxf6
gxf6 28. Rfe1 Bc6 29. Re8 Rxe8 30. Rxc6 Re1+ 31. Kf2 Rxf4+ 32. Kxe1 Kb7 33. Rd6
1-0

[Event "XVII Festival A"]
[Site "Trieste ITA"]
[Date "2015.09.05"]
[Round "9"]
[White "Henrich, Thomas"]
[Black "Doric, Nenad"]
[Result "1/2-1/2"]
[WhiteElo "2177"]
[BlackElo "2298"]
[PlyCount "68"]
[EventDate "2015.08.29"]

1. e4 e5 2. Nf3 Nc6 3. Bb5 a6 4. Ba4 Nf6 5. O-O Be7 6. Qe2 b5 7. Bb3 d6 8. c3
O-O 9. Rd1 Na5 10. Bc2 c5 11. d3 Re8 12. a4 b4 13. Nbd2 Bf8 14. cxb4 cxb4 15.
Nc4 b3 16. Bb1 Nxc4 17. dxc4 Qc7 18. Bg5 Nd7 19. Rc1 Nc5 20. Nd2 Rb8 21. a5 Rb4
22. Ra3 Bd7 23. Rc3 Ra4 24. Nxb3 Rxa3 25. bxa3 Rb8 26. Bc2 Nxb3 27. Rxb3 Rxb3
28. Bxb3 Qxa5 29. Bc1 Be6 30. h3 Be7 31. Qd2 Qc7 32. Qc3 Qc5 33. Qe3 Qc7 34.
Bd2 h6 1/2-1/2

[Event "XVII Festival A"]
[Site "Trieste ITA"]
[Date "2015.09.05"]
[Round "9"]
[White "Debevec, Blaz"]
[Black "Di Paolo, Raffaele"]
[Result "1/2-1/2"]
[WhiteElo "2154"]
[BlackElo "2279"]
[PlyCount "104"]
[EventDate "2015.08.29"]

1. d4 e6 2. c4 f5 3. g3 Nf6 4. Bg2 d5 5. Nf3 c6 6. O-O Bd6 7. Nc3 O-O 8. Bf4
Bxf4 9. gxf4 Nbd7 10. e3 dxc4 11. a4 a5 12. Nd2 Nb6 13. Qe2 Nfd5 14. Nxc4 Nxc4
15. Qxc4 Bd7 16. Ne2 Qh4 17. Kh1 Rf6 18. Ng1 Rg6 19. Qe2 Rxg2 20. Kxg2 c5 21.
dxc5 e5 22. Kh1 Bc6 23. f3 exf4 24. exf4 Qxf4 25. Qf2 h6 26. Rfe1 Qg5 27. Rad1
f4 28. Rd4 Rf8 29. Rde4 Nf6 30. Re7 Rd8 31. Qg2 Rd3 32. Qxg5 hxg5 33. h3 Rb3
34. R1e5 Kf8 35. Rc7 Nh5 36. Rf5+ Ke8 37. Rxg5 Ng3+ 38. Rxg3 fxg3 39. Rxg7 Rxb2
40. Rxg3 Bxa4 41. h4 Rb4 42. Kg2 Rxh4 43. Rg8+ Kd7 44. Ra8 Rh5 45. Rxa5 b5 46.
Ne2 Rxc5 47. Kf2 Kc7 48. Nd4 Kb6 49. Ra8 Kb7 50. Ra5 Kb6 51. Ra8 Re5 52. Rc8
Rc5 1/2-1/2

[Event "XVII Festival A"]
[Site "Trieste ITA"]
[Date "2015.09.05"]
[Round "9"]
[White "Horton, Andrew P."]
[Black "Gavrish, Leonid"]
[Result "1-0"]
[WhiteElo "2278"]
[BlackElo "2140"]
[PlyCount "83"]
[EventDate "2015.08.29"]

1. Nf3 Nf6 2. c4 c5 3. g3 g6 4. Bg2 Bg7 5. O-O O-O 6. Nc3 d5 7. cxd5 Nxd5 8.
Nxd5 Qxd5 9. d3 Nc6 10. Be3 Bxb2 11. Rb1 Bf6 12. Qa4 Be6 13. Rxb7 Qxa2 14. Qxa2
Bxa2 15. Bxc5 Rab8 16. Rxb8 Rxb8 17. d4 Bd5 18. Ra1 a5 19. e3 Rb5 20. Rc1 Nb4
21. Bf1 Rb7 22. Nd2 Na2 23. Rc2 a4 24. Bc4 Bxc4 25. Rxc4 Rb2 26. Ne4 Kg7 27.
Rxa4 Nc1 28. Ba3 Ra2 29. Nxf6 Kxf6 30. Ra7 Kf5 31. Ra5+ Ke4 32. Re5+ Kf3 33.
Bxc1 Re2 34. Kf1 Rc2 35. Rc5 Rxf2+ 36. Ke1 Rxh2 37. Rc7 Kxg3 38. Rxe7 Rh1+ 39.
Kd2 g5 40. d5 f5 41. d6 Rh6 42. Ba3 1-0

[Event "XVII Festival A"]
[Site "Trieste ITA"]
[Date "2015.09.05"]
[Round "9"]
[White "Bentivegna, Francesco"]
[Black "Horton, Jamie A."]
[Result "1-0"]
[WhiteElo "2234"]
[BlackElo "2023"]
[PlyCount "121"]
[EventDate "2015.08.29"]

1. e4 c6 2. d4 d5 3. e5 Bf5 4. Nd2 e6 5. Nb3 Nd7 6. Nf3 h6 7. Be2 Ne7 8. O-O
Qc7 9. Bd2 Bg6 10. Bb4 Nf5 11. Bxf8 Nxf8 12. c3 h5 13. Nc1 Nd7 14. Nd3 Ne7 15.
Nf4 Bf5 16. Ng5 g6 17. Rc1 Qb6 18. Qd2 c5 19. c4 cxd4 20. cxd5 exd5 21. Nf3 Bg4
22. Rfe1 Bxf3 23. Bxf3 O-O 24. Bxd5 Rad8 25. Bc4 Nc5 26. b4 Ne6 27. Nd3 Kg7 28.
a4 a6 29. a5 Qa7 30. Bxe6 fxe6 31. Rc7 Rf7 32. Nc5 Re8 33. Nxe6+ Kg8 34. Nc5
Nf5 35. Rxf7 Kxf7 36. Qg5 Kg7 37. Qf6+ Kh7 38. Ne6 Qb8 39. Ng5+ Kh6 40. Nf7+
Kh7 41. e6 Qc8 42. h4 d3 43. Ng5+ Kh6 44. Nf3 Ng7 45. Qf4+ Kh7 46. Ng5+ Kh8 47.
Nf7+ Kg8 48. Ng5 Kh8 49. Qd4 d2 50. Qxd2 Nxe6 51. Rc1 Qb8 52. Qb2+ Ng7 53. g3
Kg8 54. Qc2 Nf5 55. Qc4+ Kh8 56. Qf7 Re7 57. Qxg6 Nxg3 58. Qf6+ Rg7 59. Qh6+
Kg8 60. Qe6+ Kh8 61. Qc8+ 1-0

[Event "XVII Festival A"]
[Site "Trieste ITA"]
[Date "2015.09.05"]
[Round "9"]
[White "Sepehrkhoui, Ardeshir"]
[Black "Seresin, Francesco"]
[Result "1-0"]
[WhiteElo "2115"]
[BlackElo "2142"]
[PlyCount "82"]
[EventDate "2015.08.29"]

1. Nf3 d6 2. d4 f5 3. c4 Nf6 4. g3 g6 5. b4 Bg7 6. Bb2 O-O 7. Bg2 c6 8. O-O e6
9. Nbd2 Nbd7 10. Qc2 d5 11. b5 Ne4 12. Rfc1 Nb6 13. cxd5 cxd5 14. a4 Bd7 15.
Qc7 Qxc7 16. Rxc7 Rfc8 17. Rxb7 Nxd2 18. Nxd2 Rc2 19. a5 Bc8 20. Re7 Bf6 21.
axb6 Bxe7 22. Bc1 Bd8 23. bxa7 Bb6 24. Nb3 Rxa7 25. Rb1 Rxe2 26. Bf1 Rc2 27.
Be3 Raa2 28. Rd1 Ra3 29. Rb1 Kf7 30. h4 Bd7 31. Nc5 Be8 32. Nd3 Rcc3 33. Ne5+
Kg7 34. Nf3 Rab3 35. Ra1 Bxb5 36. Bxb5 Rxb5 37. Ra8 Rc7 38. Rb8 Rb4 39. Bf4 Rf7
40. Ng5 Bc7 41. Rxb4 Bxf4 1-0

[Event "XV C.to Mondiale Seniores Over 50"]
[Site "Acqui Terme ITA"]
[Date "2015.11.10"]
[Round "1"]
[White "Bruno, Fabio"]
[Black "De Barberis, Massimo"]
[WhiteElo "2420"]
[BlackElo "2018"]
[Result "1-0"]
[PlyCount "60"]
[EventDate "2015.11.10"]

1. d4 Nf6 2. Nf3 e6 3. Bf4 b6 4. e3 Bb7 5. Nbd2 Be7 6. h3 O-O 7. Bd3 d5 8. Ne5
Ne4 9. Nxe4 dxe4 10. Be2 f6 11. Nc4 Nd7 12. O-O Re8 13. c3 Nf8 14. a4 a6 15.
Qc2 Ng6 16. Bg3 Rc8 17. Nd2 f5 18. a5 c5 19. dxc5 Bxc5 20. Nb3 e5 21. Nxc5 bxc5
22. Rfd1 Qe7 23. Bh2 Qf7 24. b3 Kh8 25. Bc4 Qf6 26. Rd7 Rb8 27. Rad1 Qg5 28.
Rc7 Nh4 29. Bg3 Ng6 30. Rdd7 Re7 1-0